000
00289nam a22001337a 4500
003
SGT
082
_a
150
_b
A13D
100
_a
DANDAPANI, S.
245
_a
ADVANCE EDUCATIONAL PSYCHOLOGY
260
_a
NEW DELHI
_b
ANMOL PUB
_c
2013
300
_a
1148
650
_a
EDUCATION
942
_2
ddc
_c
BK
999
_c
12746
_d
12746